Sudden Death: Eurovision Winners - Statistics

General Stats
  • This quiz has been taken 112 times
    11 since last reset
  • The average score is 20 of 28
Answers on the Grid
Answers color-coded by a green-red scale on the quiz's grid according to % correct below.
Albania
Armenia
Australia
Austria
Azerbaijan
Belgium
Bulgaria
Croatia
Cyprus
Czechia
Denmark
Estonia
Finland
France
Georgia
Germany
Greece
Iceland
Ireland
Israel
Italy
Latvia
Lithuania
Luxembourg
Malta
Moldova
Montenegro
Netherlands
North Macedonia
Norway
Poland
Portugal
Romania
San Marino
Serbia
Slovenia
Spain
Sweden
Switzerland
Ukraine
UK
Andorra
Belarus
Bosnia
Hungary
Monaco
Morocco
Russia
Serbia and Montenegro
Slovakia
Turkïye
Yugoslavia
 
Answer Stats
Answer % Correct
Bulgaria
89%
France
89%
Portugal
89%
Serbia
89%
Austria
78%
Denmark
78%
Germany
78%
Ireland
78%
Italy
78%
Latvia
78%
Luxembourg
78%
Netherlands
78%
Spain
78%
Switzerland
78%
UK
78%
Ukraine
78%
Azerbaijan
67%
Belgium
67%
Estonia
67%
Finland
67%
Israel
67%
Norway
67%
Russia
67%
Sweden
67%
Greece
56%
Monaco
56%
Turkïye
56%
Yugoslavia
56%
No matching quizzes found
Score Distribution
Percent of People with Each Score
Percentile by Number Answered
Your Score History
You have not taken this quiz since the last reset